| 000 | 01048nam a2200193 a 4500 | ||
|---|---|---|---|
| 008 | 120416s2004 ||||||||||||||||| || u | ||
| 020 | _a0130491756 | ||
| 050 | _aHF 5415.3 Sch | ||
| 100 | _aSchiffman, Leon G | ||
| 245 | 1 | 0 | _aConsumer behavior. -- 8th ed. |
| 250 | _a8th editio | ||
| 260 |
_aUpper Sadde River,NJ _bPearson _c2004 |
||
| 300 | _axxiv, 587p. : ill. | ||
| 350 | _a0.00 | ||
| 995 |
_aBINDERY (DAMAGED) _D0.00 _e736625 _FCBU-MAIN LIBRARY (Kitwe) _H1 _I30.00 _jHF 5415.3 Sch _M1 _UDAMAGED _y40686 _ZMain Library Open Access Collection |
||
| 995 |
_aMAIN LIBRARY OPEN ACCESS _D0.00 _e736627 _FCBU-MAIN LIBRARY (Kitwe) _H2 _I30.00 _jHF 5415.3 Sch _M2 _UAVAILABLE _WApr 26, 2006 _y040683 _ZMain Library Open Access Collection |
||
| 995 |
_aBINDERY (DAMAGED) _D0.00 _e736628 _FCBU-MAIN LIBRARY (Kitwe) _H3 _I30.00 _jHF 5415.3 Sch _M3 _UDAMAGED _WApr 26, 2006 _y040685 _ZMain Library Open Access Collection |
||
| 995 |
_aMAIN LIBRARY OPEN ACCESS _D0.00 _e736626 _FCBU-MAIN LIBRARY (Kitwe) _H4 _I30.00 _jHF 5415.3 Sch _M4 _UAVAILABLE _y40684 _ZMain Library Open Access Collection |
||
| 999 |
_c79798 _d79798 |
||